[Event "Izmir op 5th"]
[Site "Izmir"]
[Date "2006.08.15"]
[Round "6"]
[White "Sanikidze, Tornike"]
[Black "Han, Hakan"]
[Result "1-0"]
[WhiteElo "2418"]
[BlackElo "2221"]
[PlyCount "91"]
[EventDate "2006.09.10"]
[EventType "swiss"]
[EventRounds "10"]
[EventCountry "TUR"]
[SourceTitle "EXT 2007"]
[Source "ChessBase"]
[SourceDate "2006.11.23"]
[SourceVersion "1"]
[SourceVersionDate "2006.11.23"]
[SourceQuality "1"]

1. d4 Nf6 2. c4 g6 3. Nc3 d5 4. Nf3 Bg7 5. Qb3 dxc4 6. Qxc4 0-0 7. Bf4 Na6 8. e4 c5 9. dxc5 Be6 10. Qb5 Bd7 11. Qxb7 Nxc5 12. Qb4 Qb6 13. Qxb6 axb6 14. e5 Nh5 15. Be3 Na4 16. Nd5 Kh8 17. Be2 Bc6 18. Nb4 Bd7 19. h3 f5 20. 0-0-0 Ra7 21. Kb1 f4 22. Bd4 Nc5 23. b3 Bf5+ 24. Kb2 Rfa8 25. Rhe1 e6 26. a4 Bf8 27. Nd3 Be4 28. Nxc5 bxc5 29. Bc3 Bd5 30. Bb5 Rb8 31. Ng5 Kg8 32. Ne4 Be7 33. f3 Kf7 34. Kc2 Ng7 35. Kb2 Nf5 36. Rd2 Ne3 37. g3 g5 38. gxf4 gxf4 39. Rg1 Rab7 40. Nd6+ Bxd6 41. exd6 Rxb5 42. Rg7+ Kf8 43. axb5 Rxb5 44. Rxd5 Nxd5 45. d7 Rb8 46. Rxh7 1-0

[Event "Izmir op 5th"]
[Site "Izmir"]
[Date "2006.08.14"]
[Round "5"]
[White "Han, Hakan"]
[Black "Batsiashvili, Nino"]
[Result "1/2-1/2"]
[WhiteElo "2221"]
[BlackElo "2324"]
[PlyCount "78"]
[EventDate "2006.09.10"]
[EventType "swiss"]
[EventRounds "10"]
[EventCountry "TUR"]
[SourceTitle "EXT 2007"]
[Source "ChessBase"]
[SourceDate "2006.11.23"]
[SourceVersion "1"]
[SourceVersionDate "2006.11.23"]
[SourceQuality "1"]

1. d4 d5 2. c4 c6 3. Nc3 Nf6 4. Nf3 g6 5. cxd5 cxd5 6. Bf4 Bg7 7. e3 0-0 8. h3 Nc6 9. Bd3 b6 10. 0-0 Bb7 11. Ne5 Nd7 12. Nxc6 Bxc6 13. Qb3 e5 14. dxe5 Nc5 15. Qc2 d4 16. Bb5 Bxg2 17. Kxg2 dxc3 18. Rad1 Qe7 19. Qxc3 Rac8 20. Rd5 Ne6 21. Qb3 Qb7 22. f3 a6 23. Bd7 Rc2+ 24. Rf2 Rxf2+ 25. Kxf2 Nxf4 26. exf4 Qc7 27. Qe3 Kh8 28. Ba4 Rd8 29. Rxd8+ Qxd8 30. Kg3 Bf8 31. e6 fxe6 32. Qxe6 Bg7 33. b4 Bf6 34. Qe8+ Kg7 35. Qxd8 Bxd8 36. Bc2 Bc7 37. h4 h6 38. Kg4 h5+ 39. Kg3 Kf6 1/2-1/2

[Event "Olympiad-31"]
[Site "Moscow"]
[Date "1994.12.06"]
[Round "6.2"]
[White "Han, Hakan"]
[Black "Akopian, Vladimir Eduardovic"]
[Result "0-1"]
[WhiteElo "2305"]
[BlackElo "2630"]
[PlyCount "62"]
[EventDate "1994.12.01"]
[EventType "team-swiss"]
[EventRounds "14"]
[EventCountry "RUS"]
[SourceTitle "CBM 045"]
[Source "ChessBase"]
[SourceDate "1995.04.01"]
[SourceVersion "1"]
[SourceVersionDate "1995.04.01"]
[SourceQuality "1"]
[WhiteTeam "Turkey"]
[BlackTeam "Armenia"]
[WhiteTeamCountry "TUR"]
[BlackTeamCountry "ARM"]

1. e4 c5 2. Nf3 Nc6 3. d4 cxd4 4. Nxd4 Qb6 5. Nb3 Nf6 6. Nc3 e6 7. Bd3 Be7 8. 0-0 a6 9. Qe2 d6 10. Kh1 Qc7 11. f4 b5 12. a4 b4 13. Nb1 e5 14. f5 g6 15. g4 gxf5 16. gxf5 Bb7 17. Bh6 Rg8 18. Rg1 Rxg1+ 19. Kxg1 d5 20. N1d2 dxe4 21. Nxe4 0-0-0 22. a5 Rg8+ 23. Kf1 Nd4 24. Nxd4 exd4 25. Nxf6 Bxf6 26. Bxa6 Qc6 27. Bxb7+ Kxb7 28. Qh5 Qg2+ 29. Ke1 Re8+ 30. Kd1 Ka6 31. Rc1 Bh4 0-1

[Event "Balkaniad"]
[Site "Varna"]
[Date "1994.??.??"]
[Round "3"]
[White "Han, Hakan"]
[Black "Skembris, Spyridon"]
[Result "1/2-1/2"]
[WhiteElo "2300"]
[BlackElo "2525"]
[PlyCount "184"]
[EventDate "1994.10.??"]
[EventType "team"]
[EventRounds "5"]
[EventCountry "BUL"]
[SourceTitle "EXT 1997"]
[Source "ChessBase"]
[SourceDate "1996.11.15"]
[SourceVersion "1"]
[SourceVersionDate "1996.11.15"]
[SourceQuality "1"]

1. e4 c5 2. Nf3 Nc6 3. d4 cxd4 4. Nxd4 g6 5. Nc3 Bg7 6. Be3 Nf6 7. Be2 0-0 8. 0-0 d5 9. exd5 Nb4 10. Bf3 Nfxd5 11. Nxd5 Nxd5 12. Bg5 h6 13. Bh4 Nf4 14. Bg3 e5 15. Bxf4 exf4 16. c3 Qb6 17. Qb3 Bxd4 18. cxd4 Qxd4 19. Rac1 Be6 20. Rfd1 Bxb3 21. Rxd4 Bxa2 22. Bxb7 Rab8 23. Rc7 Rfd8 24. Rxd8+ Rxd8 25. Bf3 Rd2 26. Rxa7 Rxb2 27. g3 Be6 28. Kg2 Rb4 29. Ra5 Kg7 30. Bd5 Kf6 31. Bxe6 fxe6 32. gxf4 Rxf4 33. h3 h5 34. Ra8 g5 35. Rh8 Kg6 36. Rg8+ Kf5 37. Rh8 h4 38. Rf8+ Ke4 39. Rg8 Rf5 40. Rg6 e5 41. Rg8 Kd3 42. Ra8 e4 43. Ra3+ Kd4 44. Ra4+ Ke5 45. Ra8 Kf4 46. Rg8 Rf7 47. Rg6 Ra7 48. Rg8 Rf7 49. Rg6 Rf8 50. Rg7 Kf5 51. Rh7 Kg6 52. Re7 Rf4 53. Re6+ Kf7 54. Ra6 Kg7 55. Re6 Kf7 56. Ra6 Rf6 57. Ra5 Kg6 58. Re5 Rf4 59. Re6+ Kf5 60. Rh6 Ke5 61. Rh8 Rf5 62. Rg8 Kd4 63. Ra8 Rc5 64. Rd8+ Rd5 65. Ra8 Ke5 66. Re8+ Kf4 67. Rf8+ Rf5 68. Rg8 Rf7 69. Rg6 Rf8 70. Rg7 Kf5 71. Rh7 Re8 72. Rf7+ Kg6 73. Ra7 Rd8 74. Re7 Kf5 75. Rf7+ Ke6 76. Ra7 Rd2 77. Ra8 Kf7 78. Kg1 Kf6 79. Ra5 Rd3 80. Kg2 Rf3 81. Rb5 Ra3 82. Rc5 Ra2 83. Kg1 Ra6 84. Kg2 Re6 85. Ra5 Re5 86. Ra8 Rb5 87. Re8 Kf5 88. Rf8+ Ke5 89. Re8+ Kd4 90. Rd8+ Rd5 91. Re8 Kd3 92. Re7 Rd8 1/2-1/2

[Event "Balkaniad"]
[Site "Varna"]
[Date "1994.??.??"]
[Round "5"]
[White "Han, Hakan"]
[Black "Spasov, Vasil"]
[Result "1/2-1/2"]
[WhiteElo "2300"]
[BlackElo "2540"]
[PlyCount "101"]
[EventDate "1994.10.??"]
[EventType "team"]
[EventRounds "5"]
[EventCountry "BUL"]
[SourceTitle "EXT 1997"]
[Source "ChessBase"]
[SourceDate "1996.11.15"]
[SourceVersion "1"]
[SourceVersionDate "1996.11.15"]
[SourceQuality "1"]

1. e4 c5 2. Nf3 Nc6 3. d4 cxd4 4. Nxd4 Nf6 5. Nc3 e5 6. Ndb5 d6 7. Bg5 a6 8. Na3 b5 9. Bxf6 gxf6 10. Nd5 Bg7 11. c3 f5 12. exf5 Bxf5 13. Nc2 Ne7 14. Nce3 Be6 15. g3 Nxd5 16. Nxd5 0-0 17. Bg2 a5 18. 0-0 Rb8 19. Qd2 Qd7 20. Rfd1 f5 21. f4 e4 22. Rac1 Rfc8 23. b3 Rc5 24. Ne3 d5 25. g4 Rd8 26. gxf5 Bxf5 27. Nxf5 Qxf5 28. Qe3 Rcc8 29. Kh1 Qf6 30. c4 bxc4 31. bxc4 dxc4 32. Rxd8+ Rxd8 33. Qxe4 c3 34. Rg1 Kh8 35. f5 Qd4 36. Qc6 Be5 37. Qe4 Rc8 38. Qb7 Qc5 39. f6 Bxf6 40. Be4 Qc7 41. Qxc7 Rxc7 42. Bc2 Rb7 43. Bb3 h6 44. Rg8+ Kh7 45. Ra8 Rd7 46. Rxa5 Rd2 47. Rf5 Kg6 48. Rf1 Rb2 49. Rg1+ Kf5 50. Rg2 Rb1+ 51. Rg1 1/2-1/2

[Event "Balkaniad"]
[Site "Varna"]
[Date "1994.??.??"]
[Round "4"]
[White "Miladinovic, Igor"]
[Black "Han, Hakan"]
[Result "1-0"]
[WhiteElo "2480"]
[BlackElo "2300"]
[PlyCount "43"]
[EventDate "1994.10.??"]
[EventType "team"]
[EventRounds "5"]
[EventCountry "BUL"]
[SourceTitle "EXT 1997"]
[Source "ChessBase"]
[SourceDate "1996.11.15"]
[SourceVersion "1"]
[SourceVersionDate "1996.11.15"]
[SourceQuality "1"]

1. d4 Nf6 2. Bg5 Ne4 3. h4 d5 4. Nd2 Nxg5 5. hxg5 g6 6. e3 Bg7 7. f4 h6 8. gxh6 Rxh6 9. Rxh6 Bxh6 10. Ngf3 c5 11. dxc5 Qa5 12. Kf2 Qxc5 13. Nb3 Qd6 14. Qd4 Nc6 15. Bb5 Bd7 16. Bxc6 Qxc6 17. Rh1 Qxc2+ 18. Kg3 Bf8 19. Rh8 0-0-0 20. Qxa7 Qc7 21. Ne5 g5 22. Qa8+ 1-0

[Event "Balkaniad"]
[Site "Varna"]
[Date "1994.??.??"]
[Round "2"]
[White "Seitaj, Ilir"]
[Black "Han, Hakan"]
[Result "1-0"]
[WhiteElo "2410"]
[BlackElo "2300"]
[PlyCount "71"]
[EventDate "1994.10.??"]
[EventType "team"]
[EventRounds "5"]
[EventCountry "BUL"]
[SourceTitle "EXT 1997"]
[Source "ChessBase"]
[SourceDate "1996.11.15"]
[SourceVersion "1"]
[SourceVersionDate "1996.11.15"]
[SourceQuality "1"]

1. e4 e5 2. Nf3 Nf6 3. Nc3 d6 4. d4 Nbd7 5. Bc4 Be7 6. 0-0 0-0 7. a4 c6 8. Re1 Ne8 9. Ne2 Bf6 10. c3 Qe7 11. Ng3 g6 12. h3 Nc7 13. Bh6 Re8 14. Qd2 Nf8 15. Rad1 Be6 16. Bd3 Bc8 17. Bc2 Bg7 18. Bg5 Bf6 19. Be3 Bg7 20. a5 Bd7 21. b4 Red8 22. Bb3 Be6 23. c4 f6 24. d5 cxd5 25. exd5 Bf7 26. Ne4 Ne8 27. c5 dxc5 28. bxc5 Qd7 29. Qb4 Rab8 30. Qa3 Qb5 31. Nc3 Qd7 32. Ba4 Qc7 33. Qb4 Nd7 34. Nb5 Qc8 35. Nxa7 Qc7 36. d6 1-0

[Event "Olympiad-30"]
[Site "Manila"]
[Date "1992.06.22"]
[Round "13.4"]
[White "Landenbergue, Claude"]
[Black "Han, Hakan"]
[Result "1/2-1/2"]
[WhiteElo "2410"]
[BlackElo "2270"]
[PlyCount "70"]
[EventDate "1992.06.08"]
[EventType "team-swiss"]
[EventRounds "14"]
[EventCountry "PHI"]
[SourceTitle "TD"]
[Source "ChessBase"]
[SourceDate "1994.03.01"]
[SourceVersion "1"]
[SourceVersionDate "1994.03.01"]
[SourceQuality "1"]
[WhiteTeam "Switzerland"]
[BlackTeam "Turkey"]
[WhiteTeamCountry "SUI"]
[BlackTeamCountry "TUR"]

1. Nf3 Nf6 2. c4 g6 3. Nc3 d5 4. cxd5 Nxd5 5. Qa4+ Nc6 6. Ne5 Qd6 7. Nxc6 bxc6 8. g3 Bg7 9. Ne4 Qd7 10. Bg2 0-0 11. 0-0 a5 12. d3 Ba6 13. Rb1 Rfb8 14. Qa3 Rb5 15. Bd2 e6 16. Nc3 Rbb8 17. Qa4 Qe8 18. Rfc1 Bb5 19. Qh4 a4 20. Ne4 a3 21. b3 Qf8 22. Nc5 Rd8 23. Qe4 Bf6 24. d4 Qg7 25. e3 e5 26. dxe5 Bxe5 27. Qc2 Bb2 28. Rd1 Nc3 29. Bxc3 Qxc3 30. Qxc3 Bxc3 31. Bf1 Kf8 32. Ne4 Bb2 33. Nd2 Ke7 34. Nc4 Rxd1 35. Rxd1 Rd8 1/2-1/2

[Event "Olympiad-30"]
[Site "Manila"]
[Date "1992.06.21"]
[Round "12.4"]
[White "Han, Hakan"]
[Black "Clarke, Thomas M"]
[Result "1-0"]
[WhiteElo "2270"]
[BlackElo "2225"]
[PlyCount "109"]
[EventDate "1992.06.08"]
[EventType "team-swiss"]
[EventRounds "14"]
[EventCountry "PHI"]
[SourceTitle "TD"]
[Source "ChessBase"]
[SourceDate "1994.03.01"]
[SourceVersion "1"]
[SourceVersionDate "1994.03.01"]
[SourceQuality "1"]
[WhiteTeam "Turkey"]
[BlackTeam "Ireland"]
[WhiteTeamCountry "TUR"]
[BlackTeamCountry "IRL"]

1. d4 e6 2. c4 f5 3. Nf3 Nf6 4. g3 Bb4+ 5. Bd2 a5 6. Bg2 0-0 7. 0-0 Bxd2 8. Nbxd2 Nc6 9. Qc2 d5 10. e3 Ne4 11. a3 a4 12. Rad1 Bd7 13. Nb1 Be8 14. Nc3 Bh5 15. Rde1 Nxc3 16. Qxc3 Bxf3 17. Bxf3 Qd6 18. Rc1 Ra5 19. Rfd1 g5 20. Bg2 h5 21. Qd3 Kg7 22. cxd5 exd5 23. Rc5 Rxc5 24. dxc5 Qxc5 25. Qxd5 Qc2 26. Qd7+ Rf7 27. Qd2 Qxd2 28. Rxd2 Na5 29. Kf1 b5 30. Rc2 f4 31. Ke2 fxe3 32. fxe3 Re7 33. Bd5 Kf6 34. Kf2 Ke5 35. Bc6 Rf7+ 36. Ke2 Nxc6 37. Rxc6 Kd5 38. Rg6 Kc4 39. Rxg5 c5 40. Rxh5 b4 41. h4 Rc7 42. Kd2 bxa3 43. bxa3 Kb3 44. g4 Rd7+ 45. Kc1 c4 46. Rb5+ Kxa3 47. h5 Rd3 48. h6 Ka2 49. h7 Rd8 50. g5 a3 51. g6 c3 52. g7 c2 53. g8Q+ Rxg8 54. h8Q Rxh8 55. Ra5 1-0

[Event "Balkaniad"]
[Site "Mangalia"]
[Date "1992.??.??"]
[Round "1"]
[White "Han, Hakan"]
[Black "Milu, Romeo Sorin"]
[Result "0-1"]
[WhiteElo "2270"]
[BlackElo "2400"]
[PlyCount "118"]
[EventDate "1992.10.??"]
[EventType "team"]
[EventRounds "3"]
[EventCountry "ROU"]
[SourceTitle "EXT 1997"]
[Source "ChessBase"]
[SourceDate "1996.11.15"]
[SourceVersion "1"]
[SourceVersionDate "1996.11.15"]
[SourceQuality "1"]

1. d4 Nf6 2. Nf3 g6 3. g3 Bg7 4. Bg2 0-0 5. 0-0 d6 6. c4 Nbd7 7. Nc3 e5 8. b3 Re8 9. Qc2 c6 10. Bb2 e4 11. Ng5 e3 12. f4 Nf8 13. d5 Bf5 14. Qc1 h6 15. Nf3 c5 16. Nh4 Bd7 17. Qc2 N8h7 18. Rad1 a6 19. Rd3 Qc8 20. Qc1 g5 21. fxg5 hxg5 22. Nf3 Ng4 23. h3 Nf2 24. Rxe3 Nxh3+ 25. Kh2 Rxe3 26. Qxe3 g4 27. Nh4 Qf8 28. Qd3 N7g5 29. Nd1 Bxb2 30. Nxb2 Re8 31. Nd1 Qe7 32. Nc3 Qe3 33. Rd1 Nf2 34. Qxe3 Rxe3 35. Rf1 Ngh3 36. Bxh3 Nxh3 37. Rc1 b5 38. Ng2 Re5 39. Re1 Ng5 40. Kg1 Kf8 41. Nb1 Ne4 42. Kh2 a5 43. Nf4 b4 44. Kg2 a4 45. Rd1 a3 46. Nd3 Rh5 47. Nf4 Rh8 48. Rf1 Kg7 49. Rd1 Bf5 50. Rf1 Kf6 51. Rd1 Kg5 52. Rf1 Re8 53. Kh2 Nf6 54. Nd2 Re3 55. Kg2 Rc3 56. Ra1 Rc2 57. Nf1 Rb2 58. Ne3 Be4+ 59. Kf1 Rb1+ 0-1